| 000 | 00380nam a22001217a 4500 | ||
|---|---|---|---|
| 082 | _a200 THE | ||
| 100 |
_aAnam Amjad _970322 |
||
| 245 | _aTH-SOF-1449-Modeling and Verification of Complex Processes in Event-driven Process Chain (EPC) | ||
| 260 |
_aIslamabad _bNUST College of EME _c2017 |
||
| 650 | _a MS-CSE-14 MSTHESIS | ||
| 700 | _aSupervisor Dr. Farooque Azam | ||
| 942 | _cCF | ||
| 999 |
_c577315 _d577315 |
||